000
00262nam a2200109Ia 4500
008
190216s9999||||xx |||||||||||||| ||und||
100
_a
Satheesh Chandran
245
0
_a
Nam Nammude Shareeram
260
_b
Prabhath Book House
650
_a
Malayalam
942
_c
REF
999
_c
36071
_d
36071